| 000 | 00894nam a2200193 i 4500 | ||
|---|---|---|---|
| 001 | 179982 | ||
| 003 | ES-MaACL | ||
| 005 | 20250902004949.0 | ||
| 008 | 120312s1913 sp |||| | spa d | ||
| 100 | 0 |
_aWalls y Merino, Manuel. _9115977 |
|
| 245 | 1 | 0 |
_aMemoria dando cuenta de las sesiones del Quinto Congreso Internacional de Cámaras de Comercio y Asociaciones industriales y comerciales celebrado en Boston (E. U.) / _cpor ... Manuel Walls y Merino. |
| 260 |
_aMadrid : _b[s.n.], _c1913 ( _fImpr. del Ministerio de Estado) |
||
| 300 |
_a34 p. ; _c23 cm. |
||
| 594 | _aPrecede al tít.: Centro de Información Comercial del Ministerio de Estado (25) | ||
| 710 | 2 |
_aCentro de Información Comercial (España) _9149580 |
|
| 852 |
_aES-MaACL _jT-1399-F-? _zEste folleto no está en el tomo ni hay mención a él en la ficha topográfica |
||
| 942 | _2udc | ||
| 999 |
_c179982 _d179982 |
||